Испарение и "взрывное" паробразование капли жидкости с твердым непрозрачным включением в высотемпературной газовой среде; Современные техника и технологии; Т. 1

Chi tiết về thư mục
Parent link:Современные техника и технологии: сборник трудов XXI международной научной конференции студентов, аспирантов и молодых ученых, Томск, 5-9 октября 2015 г./ Национальный исследовательский Томский политехнический университет (ТПУ).— , 2015
Т. 1.— [С. 141-143]
Tác giả chính: Пискунов М. В. Максим Владимирович
Nhiều tác giả của công ty: Национальный исследовательский Томский политехнический университет (ТПУ) Энергетический институт (ЭНИН) Лаборатория моделирования процессов тепломассопереноса (ЛМПТ), Национальный исследовательский Томский политехнический университет (ТПУ) Энергетический институт (ЭНИН) Кафедра автоматизации теплоэнергетических процессов (АТП)
Tác giả khác: Щербинина А. А. Анастасия Анатольевна (научный руководитель), Стрижак П. А. Павел Александрович
Tóm tắt:Заглавие с титульного экрана
Radiant heat flux impact on phase change conditions of a water droplet with a solid inclusion heated in a high-temperature gas flow was experimentally determined using "solid inclusion - water" system as an example. It was emphasized the evaporation from the outer surface, boiling at the internal "inclusion - water droplet" interface and explosive breakup of a heterogeneous water droplet. A full evaporation time comparison of heterogeneous droplet heated in combustion products and air at the same temperatures was carried out.
Ngôn ngữ:Tiếng Nga
Được phát hành:
Loạt:Устойчивая энергетика
Những chủ đề:
Truy cập trực tuyến:http://earchive.tpu.ru/handle/11683/22127
http://www.lib.tpu.ru/fulltext/c/2015/C01/V1/044.pdf
Định dạng: Điện tử Chương của sách
KOHA link:https://koha.lib.tpu.ru/cgi-bin/koha/opac-detail.pl?biblionumber=615091

MARC

LEADER 00000naa2a2200000 4500
001 615091
005 20240130150906.0
035 |a (RuTPU)RU\TPU\conf\13286 
035 |a RU\TPU\conf\13283 
090 |a 615091 
100 |a 20151026d2015 k y0rusy50 ca 
101 0 |a rus 
102 |a RU 
105 |a y z 101zy 
135 |a drcn ---uucaa 
181 0 |a i  
182 0 |a b 
200 1 |a Испарение и "взрывное" паробразование капли жидкости с твердым непрозрачным включением в высотемпературной газовой среде  |d Evaporation and explosive vapor formation of a liquid droplet with a solid nontransparent inclusion in a high-temperature gaseous region  |f М. В. Пискунов, А. А. Щербинина  |g науч. рук. П. А. Стрижак 
203 |a Текст  |c электронный 
225 1 |a Устойчивая энергетика 
300 |a Заглавие с титульного экрана 
320 |a [Библиогр.: с. 143 (3 назв.)] 
330 |a Radiant heat flux impact on phase change conditions of a water droplet with a solid inclusion heated in a high-temperature gas flow was experimentally determined using "solid inclusion - water" system as an example. It was emphasized the evaporation from the outer surface, boiling at the internal "inclusion - water droplet" interface and explosive breakup of a heterogeneous water droplet. A full evaporation time comparison of heterogeneous droplet heated in combustion products and air at the same temperatures was carried out. 
337 |a Adobe Reader 
461 1 |0 (RuTPU)RU\TPU\conf\13102  |t Современные техника и технологии  |o сборник трудов XXI международной научной конференции студентов, аспирантов и молодых ученых, Томск, 5-9 октября 2015 г.  |o в 2 т.  |f Национальный исследовательский Томский политехнический университет (ТПУ)  |d 2015 
463 0 |0 (RuTPU)RU\TPU\conf\13104  |t Т. 1  |f под ред. А. А. Сивкова [и др.]  |v [С. 141-143] 
510 1 |a Evaporation and explosive vapor formation of a liquid droplet with a solid nontransparent inclusion in a high-temperature gaseous region  |z eng 
610 1 |a труды учёных ТПУ 
610 1 |a электронный ресурс 
610 1 |a испарения 
610 1 |a взрывное парообразование 
610 1 |a капли 
610 1 |a жидкости 
610 1 |a включения 
610 1 |a твердые включения 
610 1 |a газовые среды 
700 1 |a Пискунов  |b М. В.  |c специалист в области теплотехники  |c инженер Томского политехнического университета  |f 1991-  |g Максим Владимирович  |3 (RuTPU)RU\TPU\pers\34148  |9 17688 
701 1 |a Щербинина  |b А. А.  |c специалист в области теплоэнергетики  |c инженер Томского политехнического университета  |f 1991-  |g Анастасия Анатольевна  |3 (RuTPU)RU\TPU\pers\35111 
702 1 |a Стрижак  |b П. А.  |c специалист в области теплоэнергетики  |c профессор Томского политехнического университета, доктор физико-математических наук  |f 1985-  |g Павел Александрович  |4 727 
712 0 2 |a Национальный исследовательский Томский политехнический университет (ТПУ)  |b Энергетический институт (ЭНИН)  |b Лаборатория моделирования процессов тепломассопереноса (ЛМПТ)  |3 (RuTPU)RU\TPU\col\19906 
712 0 2 |a Национальный исследовательский Томский политехнический университет (ТПУ)  |b Энергетический институт (ЭНИН)  |b Кафедра автоматизации теплоэнергетических процессов (АТП)  |3 (RuTPU)RU\TPU\col\18678 
801 2 |a RU  |b 63413507  |c 20210119  |g RCR 
856 4 |u http://earchive.tpu.ru/handle/11683/22127 
856 4 |u http://www.lib.tpu.ru/fulltext/c/2015/C01/V1/044.pdf 
942 |c BK